Design For Kids: Digital Products for Playing and Learning (Record no. 370137)

MARC details
000 -LEADER
fixed length control field 00910nam a2200193 4500
005 - DATE AND TIME OF LATEST TRANSACTION
control field 20260206161515.0
008 - FIXED-LENGTH DATA ELEMENTS--GENERAL INFORMATION
fixed length control field 260123b |||||||| |||| 00| 0 eng d
020 ## - INTERNATIONAL STANDARD BOOK NUMBER
International Standard Book Number 9781933820309
041 ## - LANGUAGE CODE
Language code of text/sound track or separate title English
082 ## - DEWEY DECIMAL CLASSIFICATION NUMBER
Classification number 745.4
Item number GEL
100 ## - MAIN ENTRY--PERSONAL NAME
Author Gelman Debra Levin
245 ## - TITLE STATEMENT
Title Design For Kids: Digital Products for Playing and Learning
260 ## - PUBLICATION, DISTRIBUTION, ETC.
Place of publication, distribution, etc. New York
Name of publisher, distributor, etc. Rosenfeld Media
Date of publication, distribution, etc. 2014
300 ## - PHYSICAL DESCRIPTION
Extent 232
365 ## - TRADE PRICE
Price amount 2726.46
Currency code Rs.00
520 ## - SUMMARY, ETC.
Summary, etc. Chapter 1: Kids and Design<br/>Chapter 2: Playing and Learning<br/>Chapter 3: Development and Cognition<br/>Chapter 4: Kids 2-4: Little People, Big Expectations<br/>Chapter 5: Kids 4-6: The “Muddy Middle”<br/>Chapter 6: Kids 6-8: The Big Kids<br/>Chapter 7: Kids 8-10: The “Cool” Factor<br/>Chapter 8: Kids 10-12: Growing Up<br/>>Chapter 9: Design Research<br/>Chapter 10: An App for All Ages<br/>Chapter 11: Putting It All Together<br/><br/>
650 ## - SUBJECT ADDED ENTRY--TOPICAL TERM
Topical term or geographic name entry element Design
942 ## - ADDED ENTRY ELEMENTS (KOHA)
Koha item type Books
Holdings
Withdrawn status Lost status Source of classification or shelving scheme Damaged status Not for loan Home library Current library Date acquired Vendor Net Price Bill number Total Checkouts Full call number Barcode Date last seen Discount Actual Price Bill Date Koha item type
    Dewey Decimal Classification     School of Fashion Technology School of Fashion Technology 21/01/2026 Design Book Studio 2726.46 285   745.4 GEL SOFT-BK-4887 23/01/2026 33% 4069.35 12/12/2025 Books